[Event "30th NATO Chess-ch 2019"]
[Site "Berlin"]
[Date "2019.09.17"]
[Round "3.25"]
[White "Wagenaar, Harm Theo"]
[Black "Tocco, Paolo"]
[Result "1/2-1/2"]
[WhiteElo "1879"]
[BlackElo "2089"]
[Annotator "NA"]
[PlyCount "63"]
[EventDate "2019.09.16"]
[EventType "swiss"]
[EventCountry "GER"]
[SourceTitle "playchess.com"]
[Source "ChessBase"]
[SourceQuality "1"]
[TimeControl "40/7200:1800"]

1. c4 {[%emt 2:00:00]} b6 {[%emt 1:58:11]} 2. Nc3 {[%emt 1:59:17]} Bb7 {[%emt 1:57:53]} 3. e4 {[%emt 1:58:09]} e6 {[%emt 1:57:47]} 4. d3 {[%emt 1:57:14]} Bb4 {[%emt 1:56:21]} 5. Bd2 {[%emt 1:47:53]} Ne7 {[%emt 1:55:09]} 6. a3 {[%emt 1:55:09]} Bxc3 {[%emt 1:47:22]} 7. Bxc3 {[%emt 1:47:22]} O-O {[%emt 1:46:08]} 8. Qg4 {[%emt 1:47:06]} f6 {[%emt 1:40:00]} 9. Ne2 {[%emt 1:28:07]} e5 {[%emt 1:35:43]} 10. Ng3 {[%emt 1:25:42]} d6 {[%emt 1:32:36]} 11. Be2 {[%emt 1:32:36]} Nbc6 {[%emt 1:27:42]} 12. O-O {[%emt 1:27:42]} Bc8 {[%emt 1:23:09]} 13. Qf3 {[%emt 1:23:09]} Ng6 {[%emt 1:11:59]} 14. Nf5 {[%emt 1:22:46]} Nce7 {[%emt 1:22:06]} 15. g3 {[%emt 1:03:30]} Rb8 {[%emt 1:20:39]} 16. Nxe7+ {[%emt 0:58:47]} Qxe7 {[%emt 1:20:32]} 17. Qe3 {[%emt 1:20:32]} Bh3 {[%emt 1:00:55]} 18. Rfe1 {[%emt 1:00:55]} f5 {[%emt 0:57:18]} 19. exf5 {[%emt 0:57:18]} Bxf5 {[%emt 0:53:40]} 20. d4 {[%emt 0:47:55]} Rbe8 {[%emt 0:45:33]} 21. dxe5 {[%emt 0:38:35]} Nxe5 {[%emt 0:45:22]} 22. f4 {[%emt 0:45:22]} Ng6 {[%emt 0:36:32]} 23. Qxe7 {[%emt 0:34:20]} Rxe7 {[%emt 0:37:59]} 24. Bf3 {[%emt 0:37:59]} Rfe8 {[%emt 0:37:22]} 25. Rxe7 {[%emt 0:19:37]} Rxe7 {[%emt 0:37:19]} 26. Bd4 {[%emt 0:19:01]} Bd3 {[%emt 0:30:10]} 27. Rc1 {[%emt 0:18:37]} c5 {[%emt 0:21:25]} 28. Bf2 {[%emt 0:18:11]} Be4 {[%emt 0:18:11]} 29. Be2 {[%emt 0:09:47]} d5 {[%emt 0:17:40]} 30. cxd5 {[%emt 0:09:33]} Bxd5 {[%emt 0:17:36]} 31. Bb5 {[%emt 0:08:53]} Rc7 {[%emt 0:09:04]} 32. Rd1 {[%emt 0:09:04]} 1/2-1/2

[Event "30th NATO Chess-ch 2019"]
[Site "Berlin"]
[Date "2019.09.17"]
[Round "3.26"]
[White "Mestek, Igor"]
[Black "Kocur, Marc"]
[Result "1-0"]
[WhiteElo "2087"]
[BlackElo "1878"]
[Annotator "NA"]
[PlyCount "71"]
[EventDate "2019.09.16"]
[EventType "swiss"]
[EventCountry "GER"]
[SourceTitle "playchess.com"]
[Source "ChessBase"]
[SourceQuality "1"]
[TimeControl "40/7200:1800"]

1. e4 {[%emt 1:59:44]} c6 {[%emt 1:59:48]} 2. Nf3 {[%emt 1:59:48]} d5 {[%emt 1:59:34]} 3. Nc3 {[%emt 1:59:34]} dxe4 {[%emt 1:58:50]} 4. Nxe4 {[%emt 1:58:42]} Nd7 {[%emt 1:58:42]} 5. Bc4 {[%emt 1:58:15]} Ngf6 {[%emt 1:48:35]} 6. Qe2 {[%emt 1:57:59]} Nxe4 {[%emt 1:46:42]} 7. Qxe4 {[%emt 1:57:51]} Nf6 {[%emt 1:57:51]} 8. Ne5 {[%emt 1:57:12]} e6 {[%emt 1:57:12]} 9. Qe2 {[%emt 1:57:04]} Be7 {[%emt 1:35:36]} 10. c3 {[%emt 1:35:36]} Bd7 {[%emt 1:54:36]} 11. O-O {[%emt 1:50:07]} b5 {[%emt 1:22:29]} 12. Bb3 {[%emt 1:49:43]} c5 {[%emt 1:49:43]} 13. a4 {[%emt 1:45:54]} bxa4 {[%emt 1:13:58]} 14. Bxa4 {[%emt 1:41:49]} Qc7 {[%emt 1:05:10]} 15. d3 {[%emt 1:32:13]} Bxa4 {[%emt 1:32:13]} 16. Rxa4 {[%emt 1:32:04]} Nd5 {[%emt 1:32:04]} 17. c4 {[%emt 1:23:06]} Nb6 {[%emt 0:59:41]} 18. Ra2 {[%emt 1:22:19]} O-O {[%emt 0:48:55]} 19. Bf4 {[%emt 0:48:55]} Bd6 {[%emt 0:48:15]} 20. Bg3 {[%emt 0:48:15]} Nd7 {[%emt 0:43:17]} 21. Nf3 {[%emt 0:43:17]} Bxg3 {[%emt 0:40:29]} 22. hxg3 {[%emt 1:12:13]} Rfd8 {[%emt 1:12:13]} 23. Rfa1 {[%emt 1:11:39]} Qb7 {[%emt 0:25:26]} 24. Ra5 {[%emt 1:09:47]} Rdb8 {[%emt 0:22:57]} 25. R1a2 {[%emt 1:08:12]} Qc7 {[%emt 0:22:04]} 26. Ra6 {[%emt 0:22:04]} Qb7 {[%emt 0:16:25]} 27. Ng5 {[%emt 1:01:54]} Nf6 {[%emt 0:16:06]} 28. Nf3 {[%emt 1:00:33]} Qc8 {[%emt 1:00:33]} 29. Ne5 {[%emt 1:00:08]} Rb6 {[%emt 1:00:08]} 30. R6a5 {[%emt 0:14:13]} h6 {[%emt 0:55:46]} 31. Qf3 {[%emt 0:07:56]} Rab8 {[%emt 0:53:44]} 32. Rxa7 {[%emt 0:52:07]} Rxb2 {[%emt 0:07:13]} 33. Rxb2 {[%emt 0:45:36]} Rxb2 {[%emt 0:07:08]} 34. Nxf7 {[%emt 0:43:25]} Rb1+ {[%emt 0:43:25]} 35. Kh2 {[%emt 0:43:17]} Kh7 {[%emt 0:02:25]} 36. Qxf6 {[%emt 0:41:46]} 1-0

[Event "30th NATO Chess-ch 2019"]
[Site "Berlin"]
[Date "2019.09.17"]
[Round "3.27"]
[White "Glibert, Stephane"]
[Black "Sauer, Marko"]
[Result "1/2-1/2"]
[WhiteElo "1865"]
[BlackElo "2081"]
[Annotator "NA"]
[PlyCount "127"]
[EventDate "2019.09.16"]
[EventType "swiss"]
[EventCountry "GER"]
[SourceTitle "playchess.com"]
[Source "ChessBase"]
[SourceQuality "1"]
[TimeControl "40/7200:1800"]

1. e4 {[%emt 1:59:55]} c5 {[%emt 1:59:46]} 2. Nf3 {[%emt 1:59:46]} e6 {[%emt 1:59:29]} 3. d4 {[%emt 1:59:30]} cxd4 {[%emt 1:58:56]} 4. Nxd4 {[%emt 1:59:08]} Nf6 {[%emt 1:57:39]} 5. Bd3 {[%emt 1:57:39]} a6 {[%emt 1:55:47]} 6. O-O {[%emt 1:50:25]} Qc7 {[%emt 1:52:52]} 7. Be3 {[%emt 1:52:52]} b5 {[%emt 1:51:35]} 8. Nd2 {[%emt 1:41:43]} Bb7 {[%emt 1:41:43]} 9. Qe2 {[%emt 1:39:27]} d6 {[%emt 1:38:52]} 10. c3 {[%emt 1:38:52]} Nbd7 {[%emt 1:30:47]} 11. N4b3 {[%emt 1:14:36]} Nc5 {[%emt 1:26:16]} 12. Nxc5 {[%emt 1:12:19]} dxc5 {[%emt 1:26:10]} 13. a4 {[%emt 1:08:52]} c4 {[%emt 1:20:37]} 14. Bc2 {[%emt 1:06:38]} Bc5 {[%emt 1:06:38]} 15. axb5 {[%emt 1:02:31]} axb5 {[%emt 1:10:53]} 16. Bxc5 {[%emt 1:10:53]} Qxc5 {[%emt 1:08:36]} 17. e5 {[%emt 0:44:19]} Nd7 {[%emt 1:05:28]} 18. Rxa8+ {[%emt 0:34:12]} Bxa8 {[%emt 1:04:44]} 19. Re1 {[%emt 0:33:27]} O-O {[%emt 1:03:36]} 20. Be4 {[%emt 0:29:09]} Bxe4 {[%emt 0:29:09]} 21. Qxe4 {[%emt 0:28:42]} Rc8 {[%emt 0:28:42]} 22. Nf3 {[%emt 0:27:54]} h6 {[%emt 0:52:35]} 23. Ra1 {[%emt 0:23:32]} Nb6 {[%emt 0:23:32]} 24. Qd4 {[%emt 0:19:49]} Na4 {[%emt 0:42:56]} 25. Ra2 {[%emt 0:15:13]} Qc7 {[%emt 0:15:13]} 26. Qe3 {[%emt 0:14:24]} Qd7 {[%emt 0:38:28]} 27. Nd4 {[%emt 0:38:28]} Rb8 {[%emt 0:35:14]} 28. f4 {[%emt 0:10:57]} b4 {[%emt 0:33:31]} 29. Qd2 {[%emt 0:09:29]} bxc3 {[%emt 0:32:21]} 30. bxc3 {[%emt 0:09:19]} Rd8 {[%emt 0:30:43]} 31. Kf2 {[%emt 0:07:31]} Nc5 {[%emt 0:30:14]} 32. Qe2 {[%emt 0:05:51]} Nd3+ {[%emt 0:29:36]} 33. Ke3 {[%emt 0:05:12]} Qb7 {[%emt 0:05:12]} 34. Qd1 {[%emt 0:27:30]} Nc5 {[%emt 0:26:24]} 35. Qf3 {[%emt 0:03:26]} Qb1 {[%emt 0:25:49]} 36. Rd2 {[%emt 0:03:05]} Qc1 {[%emt 0:25:18]} 37. Ke2 {[%emt 0:02:37]} Nd3 {[%emt 0:24:39]} 38. Rxd3 {[%emt 0:02:33]} cxd3+ {[%emt 0:24:22]} 39. Kxd3 {[%emt 0:02:06]} Rc8 {[%emt 0:23:04]} 40. Ne2 {[%emt 0:01:32]} Qd1+ {[%emt 0:22:03]} 41. Ke3 {[%emt 0:22:03]} Rd8 {[%emt 0:19:44]} 42. Kf2 {[%emt 0:24:59]} Qc2 {[%emt 0:46:32]} 43. Qc6 {[%emt 0:17:47]} Rd2 {[%emt 0:17:47]} 44. Qc4 {[%emt 0:17:36]} g6 {[%emt 0:40:52]} 45. h3 {[%emt 0:17:15]} h5 {[%emt 0:17:15]} 46. g3 {[%emt 0:15:57]} Rd3 {[%emt 0:15:57]} 47. h4 {[%emt 0:38:00]} Rd1 {[%emt 0:36:27]} 48. Qc6 {[%emt 0:12:52]} Qd2 {[%emt 0:34:52]} 49. Qc4 {[%emt 0:10:38]} Rh1 {[%emt 0:10:38]} 50. Qe4 {[%emt 0:32:12]} Rh2+ {[%emt 0:31:44]} 51. Kf3 {[%emt 0:09:24]} Qd1 {[%emt 0:31:33]} 52. Qc4 {[%emt 0:08:53]} Qf1+ {[%emt 0:30:11]} 53. Ke3 {[%emt 0:08:44]} Qf2+ {[%emt 0:08:44]} 54. Kd2 {[%emt 0:29:52]} Qxg3 {[%emt 0:29:24]} 55. Qd4 {[%emt 0:02:57]} Qxh4 {[%emt 0:26:17]} 56. c4 {[%emt 0:02:51]} Qg4 {[%emt 0:24:09]} 57. Qe3 {[%emt 0:02:36]} h4 {[%emt 0:02:36]} 58. c5 {[%emt 0:02:29]} Qg2 {[%emt 0:02:29]} 59. Qd3 {[%emt 0:02:03]} h3 {[%emt 0:20:35]} 60. Qd8+ {[%emt 0:20:35]} Kh7 61. Qh4+ Kg7 {[%emt 0:07:32]} 62. Qf6+ Kf8 {[%emt 0:01:06]} 63. Qd8+ {[%emt 0:01:06]} Kg7 {[%emt 0:05:51]} 64. Qf6+ {[%emt 0:05:51]} 1/2-1/2

[Event "30th NATO Chess-ch 2019"]
[Site "Berlin"]
[Date "2019.09.17"]
[Round "3.28"]
[White "Crapulli, Giuseppe"]
[Black "Hof - Van Run, Rieke"]
[Result "1-0"]
[WhiteElo "1836"]
[BlackElo "2076"]
[Annotator "NA"]
[PlyCount "87"]
[EventDate "2019.09.16"]
[EventType "swiss"]
[EventCountry "GER"]
[SourceTitle "playchess.com"]
[Source "ChessBase"]
[SourceQuality "1"]
[TimeControl "40/7200:1800"]

1. e4 {[%emt 1:59:57]} e5 {[%emt 1:59:47]} 2. Nf3 {[%emt 1:59:47]} Nc6 {[%emt 1:59:57]} 3. Bb5 {[%emt 1:59:33]} a6 {[%emt 1:57:14]} 4. Ba4 {[%emt 1:59:48]} d6 {[%emt 1:59:48]} 5. d4 Bd7 {[%emt 1:58:04]} 6. d5 {[%emt 1:53:18]} Nce7 {[%emt 1:53:18]} 7. Bxd7+ {[%emt 1:52:30]} Qxd7 {[%emt 1:42:22]} 8. O-O {[%emt 1:51:29]} g6 {[%emt 1:51:29]} 9. c4 {[%emt 1:50:39]} Bg7 {[%emt 1:50:39]} 10. Nc3 {[%emt 1:49:52]} Nh6 {[%emt 1:28:29]} 11. Ne1 {[%emt 1:46:52]} f5 {[%emt 1:25:57]} 12. f3 {[%emt 1:25:57]} O-O {[%emt 1:23:38]} 13. Nd3 {[%emt 1:23:38]} b5 {[%emt 1:02:23]} 14. cxb5 {[%emt 1:29:45]} axb5 {[%emt 1:29:45]} 15. Bd2 {[%emt 1:28:42]} Rfb8 {[%emt 0:59:53]} 16. a3 {[%emt 1:25:36]} Nf7 {[%emt 1:25:36]} 17. Nb4 {[%emt 1:21:47]} Nd8 {[%emt 0:56:41]} 18. Bg5 {[%emt 1:18:36]} Bf8 {[%emt 1:18:36]} 19. Qd3 {[%emt 1:15:20]} c5 {[%emt 0:41:48]} 20. dxc6 {[%emt 1:14:23]} Ndxc6 {[%emt 0:41:27]} 21. Nxc6 {[%emt 1:12:59]} Qxc6 {[%emt 1:12:59]} 22. Bxe7 {[%emt 0:39:23]} Bxe7 {[%emt 0:37:01]} 23. exf5 {[%emt 0:37:01]} g5 {[%emt 0:35:47]} 24. Qd5+ {[%emt 1:08:13]} Qxd5 {[%emt 1:08:12]} 25. Nxd5 {[%emt 1:08:12]} Kf7 {[%emt 0:32:54]} 26. Rfc1 {[%emt 0:32:54]} Bd8 {[%emt 0:28:55]} 27. Rc6 {[%emt 1:04:34]} b4 {[%emt 0:26:13]} 28. Rxd6 {[%emt 0:26:13]} bxa3 {[%emt 0:24:15]} 29. Rxa3 {[%emt 1:03:18]} Rxa3 {[%emt 0:21:55]} 30. bxa3 {[%emt 1:03:17]} Ba5 {[%emt 0:20:49]} 31. Rd7+ {[%emt 0:59:02]} Kg8 {[%emt 0:59:02]} 32. Nf6+ {[%emt 0:55:58]} Kf8 {[%emt 0:55:58]} 33. Nxh7+ {[%emt 0:20:30]} Ke8 {[%emt 0:20:24]} 34. Nf6+ {[%emt 0:20:24]} Kf8 {[%emt 0:20:20]} 35. Ne4 {[%emt 0:54:20]} Rb3 {[%emt 0:19:10]} 36. Nxg5 {[%emt 0:49:54]} Rxa3 {[%emt 0:49:54]} 37. g4 {[%emt 0:48:07]} Ke8 {[%emt 0:09:22]} 38. Rd6 {[%emt 0:09:22]} Ra1+ {[%emt 0:44:40]} 39. Kg2 {[%emt 0:43:34]} Ra2+ {[%emt 0:05:45]} 40. Kh3 {[%emt 0:42:38]} Bc7 41. Re6+ {[%emt 0:42:15]} Kf8 {[%emt 0:01:35]} 42. Ne4 {[%emt 0:41:40]} Rb2 {[%emt 0:27:37]} 43. f6 {[%emt 1:09:47]} Bb6 {[%emt 1:09:47]} 44. Nd6 {[%emt 1:08:25]} 1-0

[Event "30th NATO Chess-ch 2019"]
[Site "Berlin"]
[Date "2019.09.17"]
[Round "3.29"]
[White "Oblak, Nicholas"]
[Black "Christen, Peter"]
[Result "1/2-1/2"]
[WhiteElo "2048"]
[BlackElo "2153"]
[Annotator "NA"]
[PlyCount "47"]
[EventDate "2019.09.16"]
[EventType "swiss"]
[EventCountry "GER"]
[SourceTitle "playchess.com"]
[Source "ChessBase"]
[SourceQuality "1"]
[TimeControl "40/7200:1800"]

1. Nf3 {[%emt 1:59:56]} Nf6 {[%emt 1:59:56]} 2. c4 {[%emt 1:59:53]} c6 {[%emt 1:59:53]} 3. g3 {[%emt 1:58:13]} d5 {[%emt 1:58:13]} 4. cxd5 {[%emt 1:58:03]} cxd5 {[%emt 1:58:03]} 5. d4 {[%emt 1:57:56]} Nc6 {[%emt 1:57:56]} 6. Bg2 {[%emt 1:57:26]} Bf5 {[%emt 1:57:26]} 7. Nc3 {[%emt 1:52:12]} e6 {[%emt 1:52:12]} 8. O-O {[%emt 1:50:59]} Bd6 {[%emt 1:50:59]} 9. Bd2 {[%emt 1:45:38]} Ne4 {[%emt 1:45:38]} 10. Nb5 {[%emt 1:30:56]} Nxd2 {[%emt 1:44:25]} 11. Nxd6+ {[%emt 1:44:25]} Qxd6 {[%emt 1:44:16]} 12. Qxd2 {[%emt 1:44:16]} O-O {[%emt 1:29:52]} 13. Nh4 {[%emt 1:26:09]} Ne7 {[%emt 1:26:09]} 14. Nxf5 {[%emt 1:40:27]} Nxf5 {[%emt 1:40:17]} 15. e3 {[%emt 1:22:33]} Qd7 {[%emt 1:22:33]} 16. Rac1 {[%emt 1:21:10]} Rac8 {[%emt 1:21:10]} 17. Rxc8 Rxc8 18. Rc1 {[%emt 1:35:41]} Nd6 {[%emt 1:34:09]} 19. b3 {[%emt 1:34:09]} g6 {[%emt 1:14:23]} 20. Bf1 {[%emt 1:07:38]} Rc7 {[%emt 1:07:38]} 21. Bd3 {[%emt 1:06:08]} Qc8 {[%emt 1:06:08]} 22. Rxc7 {[%emt 1:19:32]} Qxc7 {[%emt 1:19:21]} 23. Qc2 {[%emt 0:51:57]} Qd7 {[%emt 1:10:29]} 24. Kg2 1/2-1/2

[Event "30th NATO Chess-ch 2019"]
[Site "Berlin"]
[Date "2019.09.17"]
[Round "3.30"]
[White "Nielsen, Jan Mose"]
[Black "Slaidins, Janis"]
[Result "1/2-1/2"]
[WhiteElo "2044"]
[BlackElo "1834"]
[Annotator "NA"]
[PlyCount "114"]
[EventDate "2019.09.16"]
[EventType "swiss"]
[EventCountry "GER"]
[SourceTitle "playchess.com"]
[Source "ChessBase"]
[SourceQuality "1"]
[TimeControl "40/7200:1800"]

1. e4 {[%emt 1:59:56]} e5 {[%emt 1:59:52]} 2. Bc4 {[%emt 1:59:52]} d6 {[%emt 1:59:44]} 3. Nf3 {[%emt 1:59:44]} Be7 {[%emt 1:59:30]} 4. d4 {[%emt 1:55:02]} exd4 {[%emt 1:55:02]} 5. c3 {[%emt 1:59:09]} Nf6 {[%emt 1:54:04]} 6. cxd4 {[%emt 1:57:55]} Nxe4 {[%emt 1:54:25]} 7. Qb3 {[%emt 1:36:55]} O-O {[%emt 1:36:55]} 8. Bd5 {[%emt 1:54:02]} Nf6 {[%emt 1:36:31]} 9. Bxb7 {[%emt 1:36:19]} Bxb7 {[%emt 1:36:19]} 10. Qxb7 {[%emt 1:36:14]} Nbd7 {[%emt 1:52:33]} 11. Nc3 {[%emt 1:36:07]} c5 {[%emt 1:51:05]} 12. O-O {[%emt 1:32:00]} Qb6 {[%emt 1:47:32]} 13. Qxb6 {[%emt 1:31:17]} axb6 {[%emt 1:47:23]} 14. Re1 {[%emt 1:31:15]} Rfe8 {[%emt 1:44:50]} 15. Nb5 {[%emt 1:31:07]} Nd5 {[%emt 1:31:07]} 16. a3 {[%emt 1:27:19]} Kf8 {[%emt 1:40:38]} 17. Bd2 {[%emt 1:26:45]} Rac8 {[%emt 1:26:45]} 18. Kf1 {[%emt 1:16:15]} Rc6 {[%emt 1:16:15]} 19. Ng5 {[%emt 1:12:43]} h6 {[%emt 1:29:18]} 20. Ne4 {[%emt 1:09:20]} N7f6 {[%emt 1:21:40]} 21. Bc3 {[%emt 0:55:32]} Nxe4 22. Rxe4 {[%emt 0:53:06]} Bf6 {[%emt 1:07:49]} 23. Rxe8+ {[%emt 0:36:38]} Kxe8 {[%emt 1:04:17]} 24. dxc5 {[%emt 1:04:17]} Nxc3 {[%emt 0:56:19]} 25. bxc3 {[%emt 0:32:01]} dxc5 {[%emt 0:52:56]} 26. Re1+ {[%emt 0:28:34]} Kd7 {[%emt 0:48:15]} 27. Rd1+ {[%emt 0:25:44]} Ke7 {[%emt 0:43:36]} 28. c4 {[%emt 0:43:36]} Rc8 {[%emt 0:39:30]} 29. Ke2 {[%emt 0:21:51]} Ra8 {[%emt 0:37:11]} 30. Rd3 {[%emt 0:20:15]} Ra4 {[%emt 0:20:15]} 31. Nd6 {[%emt 0:16:53]} Ke6 {[%emt 0:30:18]} 32. Nc8 {[%emt 0:30:18]} Rxc4 33. Nxb6 {[%emt 0:15:11]} Rc2+ {[%emt 0:28:13]} 34. Rd2 {[%emt 0:14:29]} Rc1 {[%emt 0:23:32]} 35. Nd5 {[%emt 0:10:59]} Bd4 {[%emt 0:20:36]} 36. Nf4+ {[%emt 0:10:48]} Kd6 {[%emt 0:10:48]} 37. Ra2 {[%emt 0:07:05]} Kc6 {[%emt 0:19:46]} 38. Nd3 {[%emt 0:03:31]} Rh1 39. h3 {[%emt 0:02:46]} Kb5 {[%emt 0:02:46]} 40. a4+ {[%emt 0:02:05]} Ka5 {[%emt 0:13:54]} 41. Rc2 {[%emt 0:01:49]} Kb6 {[%emt 0:11:47]} 42. a5+ {[%emt 0:23:44]} Kb5 {[%emt 0:40:43]} 43. Ra2 {[%emt 0:23:38]} Ra1 {[%emt 0:40:29]} 44. Rxa1 {[%emt 0:23:23]} Bxa1 {[%emt 0:23:23]} 45. a6 {[%emt 0:23:13]} Kxa6 46. Nxc5+ {[%emt 0:39:06]} Kb6 {[%emt 0:23:08]} 47. Nb3 {[%emt 0:18:53]} Bb2 {[%emt 0:18:53]} 48. Kd3 {[%emt 0:18:41]} Kc6 {[%emt 0:37:10]} 49. Ke4 {[%emt 0:37:10]} Bc3 {[%emt 0:36:04]} 50. Nc1 {[%emt 0:18:17]} Kd6 {[%emt 0:18:17]} 51. Ne2 {[%emt 0:17:29]} Bb2 {[%emt 0:35:10]} 52. f4 {[%emt 0:17:07]} Ke6 {[%emt 0:34:21]} 53. g4 {[%emt 0:17:05]} g6 {[%emt 0:17:05]} 54. Ng3 {[%emt 0:15:48]} Bc1 {[%emt 0:31:17]} 55. Ne2 {[%emt 0:13:33]} f5+ {[%emt 0:29:15]} 56. Kf3 {[%emt 0:13:18]} Bb2 57. Nd4+ {--- Ke4} Kf6 1/2-1/2

[Event "30th NATO Chess-ch 2019"]
[Site "Berlin"]
[Date "2019.09.18"]
[Round "4.1"]
[White "Mouroutis, Konstantinos"]
[Black "Binder, Tamas"]
[Result "1/2-1/2"]
[WhiteElo "2181"]
[BlackElo "2261"]
[Annotator "TA"]
[PlyCount "41"]
[EventDate "2019.09.16"]
[EventType "swiss"]
[EventCountry "GER"]
[SourceTitle "playchess.com"]
[Source "ChessBase"]
[SourceQuality "1"]

{[%evp 23,41,-20,-4,-2,0,-12,0,-25,0,-8,-4,-14,-6,-14,0,-9,0,-14,17,16]} 1. d4 d5 2. Bf4 c5 3. e3 e6 4. c3 Nf6 5. Nd2 Nc6 6. Bd3 Bd6 7. Bxd6 Qxd6 8. Ngf3 O-O 9. O-O e5 10. dxe5 Nxe5 11. Nxe5 Qxe5 12. Nf3 Qc7 13. h3 {D02: 1 d4 d5 2 Nf3 sidelines, including 2...Nf6 3 g3 and 2...Nf6 3 Bf4} b6 14. Qa4 Bd7 $146 ({Predecessor:} 14... Bb7 15. Ba6 Bxa6 16. Qxa6 Rab8 17. a4 Rfd8 18. Rfd1 Rd6 19. Qe2 Re8 20. Rd3 Qc6 {0-1 (70) Samal,A (1697)-Panigrahi,M (2036) Puri 2017}) 15. Qh4 Bc6 16. Rad1 {The position is equal.} Rfe8 17. Rfe1 Rad8 18. Nh2 h6 19. Ng4 Nxg4 20. Qxg4 Qd7 21. Qxd7 1/2-1/2

[Event "30th NATO Chess-ch 2019"]
[Site "Berlin"]
[Date "2019.09.18"]
[Round "4.2"]
[White "Papasimakopoulos, Alexandros"]
[Black "Watters, Chase"]
[Result "1-0"]
[WhiteElo "2218"]
[BlackElo "2179"]
[Annotator "TA"]
[PlyCount "119"]
[EventDate "2019.09.16"]
[EventType "swiss"]
[EventCountry "GER"]
[SourceTitle "playchess.com"]
[Source "ChessBase"]
[SourceQuality "1"]

{[%evp 10,119,31,10,17,20,40,30,40,33,40,20,26,41,37,13,72,82,75,71,170,165,167,133,146,121,123,128,178,181,296,180,185,185,190,168,181,180,179,185,191,122,231,247,241,225,226,232,231,222,233,218,297,290,285,285,374,345,386,372,405,388,388,388,388,388,390,359,405,395,397,397,390,375,393,381,414,413,409,390,450,453,456,457,462,458,471,467,649,648,635,620,606,579,655,754,752,722,764,604,1341,1292,1494,1515,1286,1188,1902,1899,2176,2115,4133,2773]} 1. d4 d5 2. c4 dxc4 3. Nf3 c6 4. e3 Be6 5. a4 Nf6 6. Na3 Nbd7 {D11: Slav Defence: 3 Nf3 sidelines and 3...Nf6 4 e3 Bg4} (6... c5 7. Nxc4 Nc6 8. a5 Bd5 9. a6 e6 10. Nce5 Nxe5 11. dxe5 Nd7 12. axb7 Rb8 13. Rxa7 c4 14. Bd2 {1-0 (54) Melkumyan,H (2642)-Jobava,B (2712) Austria 2018}) 7. Nxc4 Bg4 $146 ({Predecessor:} 7... g6 8. Be2 Bg7 9. O-O O-O 10. b3 Ne4 11. Bb2 c5 12. Qc2 Bd5 13. Rfd1 cxd4 14. Bxd4 {1-0 (70) Tisaj,D (2232)-Nyudleev,D (2349) Koper 2019}) 8. Be2 e6 {White has an edge.} 9. O-O Be7 10. Bd2 O-O 11. b4 a6 12. Qb3 b5 (12... Ne4 $11) 13. Na5 $36 {[%mdl 2048] Keeping Black busy.} Qb6 14. h3 Bxf3 (14... Bh5 $16) 15. Bxf3 $18 Rac8 16. Rac1 {[%cal Ra5c6]} Nb8 17. Rc2 Nd5 18. axb5 Qxb5 {[%cal Rd5b4]} 19. Rb1 Bd6 (19... f5 {is a better defense.} 20. Be1 g6) 20. Be1 Bc7 21. Be2 Qb6 22. Qa4 Rfd8 23. Rbc1 Ne7 24. Bf3 Bd6 25. Bxc6 ({White should play} 25. Qb3 $18) 25... g6 (25... Nbxc6 $16 26. Nxc6 Nxc6) 26. Bf3 Rxc2 27. Rxc2 Qb5 28. Qxb5 axb5 29. Be2 Na6 30. Nb7 ({Don't play} 30. Bxb5 $6 Bxb4 31. Bxb4 Nxb4 $16) 30... Rd7 31. Nxd6 Rxd6 32. Bxb5 Nd5 33. Rb2 Rb6 34. Bf1 Nb8 35. b5 Rb7 36. e4 Nb6 37. f3 N8d7 38. Bg3 f5 39. Ra2 Kf7 40. Bd6 Nc8 41. Bf4 Na7 42. Ra5 Nb6 43. Bd3 Nac8 44. Kf2 Rd7 45. Ke3 {White is clearly winning.} Ke7 46. Ra6 Rb7 47. g4 fxe4 48. fxe4 Nd6 49. Bxd6+ Kxd6 {[%mdl 4096] Endgame KRB-KRN} 50. e5+ Ke7 51. Be4 Nd5+ 52. Bxd5 exd5 {KR-KR} 53. Ra5 h6 54. Kd3 Kd7 {[#]} 55. b6 $1 {Threatens to win with Ra7.} Rxb6 56. Rxd5+ Ke7 57. Ke4 Rb3 58. Rd6 Kf7 59. Rf6+ Kg7 60. Rf3 {Accuracy: White = 71%, Black = 33%.} 1-0

[Event "30th NATO Chess-ch 2019"]
[Site "Berlin"]
[Date "2019.09.18"]
[Round "4.3"]
[White "Wang, Eigen"]
[Black "Graczyk, Damian"]
[Result "1/2-1/2"]
[WhiteElo "2193"]
[BlackElo "2133"]
[Annotator "TA"]
[PlyCount "150"]
[EventDate "2019.09.16"]
[EventType "swiss"]
[EventCountry "GER"]
[SourceTitle "playchess.com"]
[Source "ChessBase"]
[SourceQuality "1"]

{[%evp 10,150,62,61,91,100,98,69,70,68,99,56,68,63,80,80,77,71,84,49,70,64,102,89,93,85,111,85,112,94,77,93,112,104,118,102,104,81,78,39,39,26,23,45,48,42,60,51,62,45,59,59,59,50,53,37,33,34,34,21,31,30,27,0,0,0,0,0,0,0,0,0,0,0,0,0,0,-26,0,-12,-11,-11,-3,-59,-59,-93,-82,-85,-18,-18,-18,-18,-18,-33,-18,-72,-18,-14,0,-8,0,0,0,0,0,0,0,0,0,0,0,0,0,0,0,0,0,0,0,0,0,0,0,0,0,0,0,0,0,0,0,0,0,0,0,0,0,0,0,0,0,0,0]} 1. e4 c6 2. d4 d5 3. f3 g6 4. Nc3 Bg7 5. Be3 e6 6. Qd2 b6 {B15: Caro-Kann: 3 Nc3: 3...g6 and 3...dxe4 4 Nxe4 Nf6 5 Nxf6+ exf6} 7. Nh3 $146 ({Predecessor:} 7. h4 h5 8. O-O-O Ba6 9. Bxa6 Nxa6 10. Kb1 Ne7 11. Nge2 Nc7 12. g4 dxe4 13. Nxe4 Ncd5 14. Bg5 hxg4 15. fxg4 {1-0 (23) Lugovskoy,M (2402)-Kononenko,D (2272) Taganrog 2014}) 7... Ba6 8. Bxa6 (8. O-O-O {is more complex.} h5 9. Kb1 Ne7 10. Nf2 Bb7 11. g4) 8... Nxa6 {White is slightly better.} 9. Nf2 Nf6 10. Rd1 Nc7 11. O-O O-O 12. Bg5 Qc8 13. e5 Nd7 14. Bh6 f5 15. exf6 Rxf6 16. Bxg7 Kxg7 17. Ng4 Rf5 18. Ne2 Qf8 19. Ng3 Rf7 20. Rc1 Qd6 21. c4 Ne8 22. Qe3 Nef6 23. Ne5 Re7 24. cxd5 Nxd5 25. Qg5 {[#] aiming for Ne4.} Nxe5 26. dxe5 Qd7 27. Nh5+ Kh8 28. Nf6 Qb7 29. Ne4 Rf8 30. Nd6 Qd7 31. Rc4 c5 32. Rh4 Kg8 33. Rd1 Rg7 34. a3 Qe7 35. Qxe7 Rxe7 36. b4 cxb4 37. axb4 Rc7 38. Ra1 Nf4 39. Ne4 Nd3 40. Nf6+ Kh8 41. f4 Nxb4 42. f5 $1 Nd3 43. fxg6 {[%cal Rf6h7]} Nxe5 (43... Rfc8 {feels hotter.} 44. Rf1 Nxe5 45. gxh7 Nd7 46. Rg4 Nxf6 47. Rxf6 Re8) 44. Rxh7+ Rxh7 45. Nxh7 $11 {[%mdl 4096] Endgame KRN-KRN} Ra8 46. Rc1 (46. Ng5 $11) 46... Kg7 $15 47. h4 Kxg6 48. Ng5 Nd3 (48... Re8 $17) 49. Rc6 $1 $11 Nc5 50. g4 Kf6 51. Nf3 a5 {Threatens to win with ...a4.} 52. g5+ {[#]} Kf5 ({Black should play} 52... Ke7 $1 $17 {...a4 is the strong threat.} 53. Rxb6 a4) 53. Rxb6 {The position is equal.} Kg4 54. Nd4 Kxh4 55. Nxe6 Nxe6 56. Rxe6 Kxg5 {KR-KR} 57. Kf2 Kf5 (57... Rf8+ {seems wilder.} 58. Ke2 Ra8 59. Kd3 Rf8 60. Re1 Rf2) 58. Re1 a4 59. Ra1 Ke4 60. Ke2 Kd4 {White must now prevent ...Kc3.} 61. Kd2 Kc4 62. Kc2 Kb4 63. Kb2 Rh8 64. Rg1 Rh2+ 65. Ka1 Rh3 66. Ka2 Rh2+ 67. Ka1 Rh4 68. Ka2 Rf4 69. Ka1 a3 70. Rh1 Ka4 71. Rg1 Rf3 72. Rh1 Kb3 73. Rg1 Rh3 74. Rf1 Rg3 75. Rh1 Rf3 {Accuracy: White = 70%, Black = 49%.} 1/2-1/2